000 00544nam a2200145 a 4500
001 000030153
005 20200930060104.0
008 110503s1946 dr 000 0 spa d
040 _aDO-SdBNP
_bspa
_cBNPHU
082 _axxx
_bM528d
245 0 0 _aMensaje depositado el 27 de febreo de 1944 en el Congreso Nacional por el presidente de la República Dominicana Gen. Dr. R. L. Trujillo Molina para darle cuenta de su gestión durante el año 1943.
260 _aCiudad Trujillo :
_bMontalvo,
_c1946.
300 _a133 p. ;
_c24 cm.
049 _aBNPD
999 _c29645
_d29645